[Event "Regionalliga Nord-West 1819"]
[Site "Bayern"]
[Date "2018.11.25"]
[Round "3.2"]
[White "Dietze, Sebastian"]
[Black "Bergmann, Matthias"]
[Result "1/2-1/2"]
[WhiteElo "2125"]
[BlackElo "2007"]
[PlyCount "48"]
[EventDate "2018.10.21"]
[EventType "team-tourn"]
[EventRounds "9"]
[EventCountry "GER"]
[SourceTitle "EXT 2022"]
[Source "ChessBase"]
[SourceDate "2021.10.06"]
[SourceVersion "1"]
[SourceVersionDate "2021.10.06"]
[SourceQuality "1"]
[WhiteTeam "Hoechstadt/Aisch"]
[BlackTeam "Seubelsdorf"]
[WhiteTeamCountry "GER"]
[BlackTeamCountry "GER"]

1. d4 Nf6 2. c3 d5 3. Bg5 e6 4. Nd2 Be7 5. e3 Nbd7 6. f4 Ne4 7. Bxe7 Qxe7 8. Nxe4 dxe4 9. Nh3 b6 10. Nf2 Bb7 11. b4 f6 12. Qb3 0-0-0 13. a4 Nb8 14. a5 e5 15. g3 Rd6 16. axb6 axb6 17. Bh3+ Nd7 18. Ra7 b5 19. Qa3 Rb6 20. dxe5 fxe5 21. 0-0 exf4 22. gxf4 g5 23. f5 Nf6 24. Ng4 Rf8 1/2-1/2

[Event "Regionalliga NW 1516"]
[Site "Bayern"]
[Date "2016.01.31"]
[Round "6.2"]
[White "Dietze, Sebastian"]
[Black "Gruenewald, Florian"]
[Result "1/2-1/2"]
[WhiteElo "2139"]
[BlackElo "2041"]
[PlyCount "74"]
[EventDate "2015.10.11"]
[EventType "team-tourn"]
[EventRounds "9"]
[EventCountry "GER"]
[SourceTitle "EXT 2018"]
[Source "ChessBase"]
[SourceDate "2017.10.13"]
[SourceVersion "1"]
[SourceVersionDate "2017.10.13"]
[SourceQuality "1"]
[WhiteTeam "Hoechstadt/Aisch"]
[BlackTeam "Moembris"]
[WhiteTeamCountry "GER"]
[BlackTeamCountry "GER"]

1. d4 d5 2. c3 Nf6 3. Bg5 e6 4. Nd2 Be7 5. e3 c5 6. Bd3 Nc6 7. f4 h6 8. Bxf6 Bxf6 9. Ngf3 Qb6 10. Rb1 g5 11. g3 gxf4 12. gxf4 Bd7 13. Qe2 0-0-0 14. Rg1 Rdg8 15. Rg3 cxd4 16. exd4 Qd8 17. Qg2 Rf8 18. Ke2 Qc7 19. Ne5 Bxe5 20. fxe5 f6 21. exf6 Rxf6 22. Rg8+ Rf8 23. Rxh8 Rxh8 24. Nf3 e5 25. Qg7 Re8 26. dxe5 Nxe5 27. Nxe5 Rxe5+ 28. Kd2 Qd6 29. Qg3 Kc7 30. Re1 Rxe1 31. Kxe1 Qxg3+ 32. hxg3 Kd6 33. Kd2 Ke5 34. Ke3 Bg4 35. b4 b6 36. a3 Bd7 37. Be2 Bf5 1/2-1/2

[Event "Oberfranken-ch"]
[Site "Schney"]
[Date "2016.01.07"]
[Round "7"]
[White "Dietze, Sebastian"]
[Black "Schuepferling, Andreas"]
[Result "1/2-1/2"]
[WhiteElo "2196"]
[BlackElo "1884"]
[PlyCount "72"]
[EventDate "2016.01.03"]
[EventType "swiss"]
[EventRounds "7"]
[EventCountry "GER"]
[SourceTitle "CBM 170 Extra"]
[Source "ChessBase"]
[SourceDate "2016.02.25"]
[SourceVersion "1"]
[SourceVersionDate "2016.02.25"]
[SourceQuality "1"]

1. d4 d5 2. c3 Nf6 3. Bg5 Bf5 4. Bxf6 exf6 5. Qb3 b6 6. Nd2 c6 7. g3 Be7 8. Bg2 0-0 9. Ngf3 Be6 10. 0-0 Qc7 11. Qc2 f5 12. e3 Na6 13. Ne5 Rac8 14. Rae1 Bd6 15. Nd3 Qd7 16. a3 Nc7 17. f3 Rfd8 18. Rf2 g6 19. Kh1 Ne8 20. Qd1 Qc7 21. Qe2 Nf6 22. Kg1 Re8 23. Qd1 Bd7 24. Rfe2 c5 25. Nf1 Re7 26. Rd2 h5 27. Kh1 Kg7 28. Nf4 Rce8 29. dxc5 Bxc5 30. Nxd5 Nxd5 31. Rxd5 Bc6 32. Rd3 Bb5 33. Rd5 Bc6 34. Rd3 Bb5 35. Rd5 Bc6 36. Rd3 Bb5 1/2-1/2

[Event "Oberfranken-ch"]
[Site "Lichtenfels"]
[Date "2014.01.06"]
[Round "7"]
[White "Dietze, Sebastian"]
[Black "Gremer, Kathrin"]
[Result "1-0"]
[WhiteElo "2203"]
[BlackElo "1789"]
[PlyCount "65"]
[EventDate "2014.01.03"]
[EventType "swiss"]
[EventRounds "7"]
[EventCountry "GER"]
[SourceTitle "EXT 2019"]
[Source "ChessBase"]
[SourceDate "2018.10.10"]
[SourceVersion "1"]
[SourceVersionDate "2018.10.10"]
[SourceQuality "1"]

1. d4 d5 2. c3 Nf6 3. Bg5 Bf5 4. Qb3 Nbd7 5. Nd2 e6 6. Ngf3 Be7 7. g3 0-0 8. Nh4 a5 9. Nxf5 exf5 10. Bg2 Ne4 11. Bxe7 Qxe7 12. Qxd5 Nxd2 13. Kxd2 Nb6 14. Qb5 Rfe8 15. e3 Qe6 16. b3 a4 17. Rhc1 Ra7 18. Ke2 axb3 19. axb3 Rea8 20. Rxa7 Rxa7 21. Rc2 h6 22. c4 g5 23. Rd2 Kg7 24. d5 Qe7 25. d6 Qd8 26. d7 Kf6 27. g4 fxg4 28. Be4 Kg7 29. Qf5 c6 30. Qh7+ Kf8 31. Qxh6+ Kg8 32. Bh7+ Kh8 33. Bg6+ 1-0

[Event "Oberfranken-ch 1213"]
[Site "Schney"]
[Date "2013.01.06"]
[Round "7"]
[White "Dietze, Sebastian"]
[Black "Urytskyy, Arkadiy"]
[Result "1-0"]
[WhiteElo "2128"]
[BlackElo "2104"]
[PlyCount "97"]
[EventDate "2013.01.03"]
[EventType "swiss"]
[EventRounds "7"]
[EventCountry "GER"]
[SourceTitle "EXT 2015"]
[Source "ChessBase"]
[SourceDate "2014.11.20"]
[SourceVersion "1"]
[SourceVersionDate "2014.11.20"]
[SourceQuality "1"]

1. d4 Nf6 2. c3 d5 3. Bg5 e6 4. Nd2 Be7 5. e3 c5 6. Bd3 Nc6 7. f4 Bd7 8. Ngf3 cxd4 9. exd4 h6 10. Bxf6 gxf6 11. 0-0 Qc7 12. g3 0-0-0 13. b4 Rdg8 14. b5 Na5 15. Qe2 h5 16. Rac1 Nc4 17. a4 h4 18. Kf2 Bd6 19. Bxc4 hxg3+ 20. hxg3 Bxf4 21. gxf4 Qxf4 22. Ke1 dxc4 23. Kd1 Rh3 24. Kc2 Qd6 25. Rh1 e5 26. Kb2 exd4 27. Qxc4+ Kb8 28. Qxd4 Qxd4 29. cxd4 Rg2 30. Rxh3 Bxh3 31. Kc3 Rg3 32. Kd3 Bd7 33. Ke3 a6 34. bxa6 Bxa4 35. Kf2 Rg4 36. Ra1 b5 37. Nb1 Ka7 38. Nc3 Kxa6 39. Nxa4 bxa4 40. Rxa4+ Kb6 41. Ke3 Rg2 42. Ke4 Re2+ 43. Kd5 Re6 44. Nd2 f5 45. Nc4+ Kb7 46. Nd6+ Kb6 47. Nxf7 Rf6 48. Ne5 Kc7 49. Ra7+ 1-0

[Event "Oberfranken-ch 1213"]
[Site "Schney"]
[Date "2013.01.03"]
[Round "1"]
[White "Dietze, Sebastian"]
[Black "Niemetz, Alexander"]
[Result "1/2-1/2"]
[WhiteElo "2128"]
[BlackElo "1889"]
[PlyCount "104"]
[EventDate "2013.01.03"]
[EventType "swiss"]
[EventRounds "7"]
[EventCountry "GER"]
[SourceTitle "EXT 2015"]
[Source "ChessBase"]
[SourceDate "2014.11.20"]
[SourceVersion "1"]
[SourceVersionDate "2014.11.20"]
[SourceQuality "1"]

1. d4 f5 2. Bg5 d5 3. e3 c6 4. Nf3 Nf6 5. Ne5 Nbd7 6. Bxf6 Nxf6 7. Nd2 g6 8. h4 Qb6 9. h5 g5 10. b3 Rg8 11. Bd3 h6 12. c4 e6 13. c5 Qc7 14. Qc2 Bg7 15. 0-0-0 Bd7 16. f3 0-0-0 17. g4 fxg4 18. fxg4 Be8 19. Ndf3 Nd7 20. Qc3 Rf8 21. Rhf1 Nxe5 22. Nxe5 Qe7 23. Rxf8 Qxf8 24. Rf1 Qe7 25. Qa5 Bxe5 26. dxe5 a6 27. Rf6 Bd7 28. Rxh6 Rf8 29. Qc3 Rf3 30. Rh8+ Be8 31. Bg6 Rf8 32. Rxf8 Qxf8 33. Bxe8 Qxe8 34. Kb2 Qf8 35. Ka3 b6 36. b4 b5 37. Qd3 Qg7 38. Qd4 Kc7 39. e4 Qf8 40. Qe3 Qg7 41. exd5 cxd5 42. Kb3 Kc6 43. a4 Qh7 44. axb5+ axb5 45. Kb2 Qg7 46. Kc1 Qa7 47. Kb2 Qg7 48. Qe1 Qh8 49. Qc3 Qg7 50. Qe3 Qf8 51. Kc2 Qa8 52. Kb2 Qf8 1/2-1/2

[Event "Oberfranken-ch"]
[Site "Lichtenfels"]
[Date "2012.01.05"]
[Round "5.2"]
[White "Dietze, Sebastian"]
[Black "Wilfert, Andre"]
[Result "1-0"]
[WhiteElo "2187"]
[BlackElo "2093"]
[PlyCount "91"]
[EventDate "2012.01.03"]
[EventType "swiss"]
[EventRounds "7"]
[EventCountry "GER"]
[SourceTitle "EXT 2019"]
[Source "ChessBase"]
[SourceDate "2018.10.10"]
[SourceVersion "1"]
[SourceVersionDate "2018.10.10"]
[SourceQuality "1"]

1. d4 f5 2. c3 Nf6 3. Bg5 e6 4. e3 Be7 5. Nd2 0-0 6. f4 b6 7. Bxf6 Bxf6 8. Ngf3 Bb7 9. Bc4 d5 10. Be2 Ba6 11. 0-0 Bxe2 12. Qxe2 c5 13. Ne5 Nd7 14. Ndf3 Kh8 15. Rfd1 Nxe5 16. dxe5 Be7 17. c4 d4 18. Kf1 d3 19. Rxd3 Qc7 20. Rad1 Rfd8 21. Rxd8+ Rxd8 22. Rxd8+ Qxd8 23. Qd2 Qc7 24. Kf2 Kg8 25. b3 Kf7 26. Qd3 Qc6 27. h3 h6 28. Nd2 g5 29. Nf3 a6 30. g4 gxf4 31. exf4 Kg6 32. gxf5+ exf5 33. Qd5 Qc8 34. a4 Kg7 35. Ke3 a5 36. h4 Qd8 37. h5 Qe8 38. Qb7 Qd8 39. Qc6 Qd1 40. Qg6+ Kf8 41. Qxh6+ Ke8 42. Qg6+ Kd8 43. Qxb6+ Ke8 44. Qc6+ Kf8 45. Qc8+ Kg7 46. h6+ 1-0

[Event "Regionalliga NW 1011"]
[Site "Bayern"]
[Date "2011.01.16"]
[Round "5.1"]
[White "Hofstetter, Hans Joachim"]
[Black "Dietze, Sebastian"]
[Result "1/2-1/2"]
[WhiteElo "2125"]
[BlackElo "2133"]
[PlyCount "108"]
[EventDate "2010.10.10"]
[EventType "team-tourn"]
[EventRounds "9"]
[EventCountry "GER"]
[SourceTitle "EXT 2012"]
[Source "ChessBase"]
[SourceDate "2011.11.24"]
[SourceVersion "1"]
[SourceVersionDate "2011.11.24"]
[SourceQuality "1"]
[WhiteTeam "Bad Neustadt"]
[BlackTeam "Hoechstadt/Aisch"]
[WhiteTeamCountry "GER"]
[BlackTeamCountry "GER"]

1. e4 e5 2. Nf3 Nc6 3. Bb5 a6 4. Bxc6 dxc6 5. Nc3 Bg4 6. h3 Bxf3 7. Qxf3 Qf6 8. Qg3 h6 9. 0-0 Bd6 10. d3 g5 11. Ne2 Ne7 12. d4 Ng6 13. dxe5 Qxe5 14. Qxe5+ Bxe5 15. Be3 0-0-0 16. c3 Rhe8 17. Rad1 Bd6 18. Rd4 c5 19. Rd5 Rxe4 20. Rfd1 Ne7 21. R5d2 Nc6 22. Kf1 b6 23. Ng1 f5 24. Rd5 Ne7 25. R5d3 f4 26. Bc1 c4 27. R3d2 Nc6 28. Nf3 Rg8 29. Rd5 Ne7 30. Nd2 Re6 31. Rd4 b5 32. Ne4 Nf5 33. Rd5 Rxe4 34. Rxf5 Rge8 35. Bd2 R4e5 36. Re1 Rxe1+ 37. Bxe1 Kd7 38. Rf6 Re6 39. Rxe6 Kxe6 40. Ke2 Kf5 41. Bd2 Ke4 42. Be1 Be5 43. f3+ Kd5 44. Bf2 b4 45. Kd2 a5 46. Kc2 Kc6 47. Be1 Kb5 48. Bf2 h5 49. Be1 c5 50. Bf2 Kc6 51. Be1 Kd5 52. Bf2 Bd6 53. Be1 Ke5 54. Bf2 Kd5 1/2-1/2

[Event "Regionalliga NW 1011"]
[Site "Bayern"]
[Date "2010.11.14"]
[Round "3.1"]
[White "Kuenstler, Christian"]
[Black "Dietze, Sebastian"]
[Result "1/2-1/2"]
[WhiteElo "2066"]
[BlackElo "2133"]
[PlyCount "84"]
[EventDate "2010.10.10"]
[EventType "team-tourn"]
[EventRounds "9"]
[EventCountry "GER"]
[SourceTitle "EXT 2012"]
[Source "ChessBase"]
[SourceDate "2011.11.24"]
[SourceVersion "1"]
[SourceVersionDate "2011.11.24"]
[SourceQuality "1"]
[WhiteTeam "Mainaschaff"]
[BlackTeam "Hoechstadt/Aisch"]
[WhiteTeamCountry "GER"]
[BlackTeamCountry "GER"]

1. d4 d5 2. c4 e6 3. Nf3 c6 4. e3 Bd6 5. Bd3 f5 6. 0-0 Nf6 7. b3 Qe7 8. Bb2 0-0 9. Qc1 Bd7 10. Ba3 Ne4 11. Bxd6 Qxd6 12. Qa3 Qxa3 13. Nxa3 Be8 14. Ne5 Nd7 15. Nxd7 Bxd7 16. f3 Nf6 17. Nc2 g5 18. Rae1 Be8 19. cxd5 Nxd5 20. Bc4 Bg6 21. f4 h6 22. Bxd5 exd5 23. Nb4 Rae8 24. Nd3 Kg7 25. Ne5 Re7 26. Rc1 Bh5 27. Kf2 Rd8 28. Rc5 Rd6 29. Rfc1 Kf6 30. b4 a6 31. g3 Be8 32. R5c3 Rh7 33. Rh1 Ke7 34. h4 g4 35. Rhc1 Rd8 36. Ke1 Kd6 37. Kd2 Kc7 38. Rc5 Kb6 39. Kc3 Kc7 40. Kb3 Kb6 41. a4 Re7 42. Ka3 Ra8 1/2-1/2

[Event "Oberfranken-ch M 0910"]
[Site "Schney"]
[Date "2010.01.03"]
[Round "1"]
[White "Christof, Oliver"]
[Black "Dietze, Sebastian"]
[Result "0-1"]
[WhiteElo "2032"]
[BlackElo "2187"]
[PlyCount "92"]
[EventDate "2010.01.03"]
[EventType "swiss"]
[EventRounds "7"]
[EventCountry "GER"]
[SourceTitle "EXT 2015"]
[Source "ChessBase"]
[SourceDate "2014.11.20"]
[SourceVersion "1"]
[SourceVersionDate "2014.11.20"]
[SourceQuality "1"]

1. e4 e5 2. Nf3 Nc6 3. Bb5 a6 4. Bxc6 dxc6 5. 0-0 Bg4 6. h3 Bxf3 7. Qxf3 Qd7 8. Qb3 0-0-0 9. d3 Bc5 10. Nd2 f6 11. Nc4 Ne7 12. Be3 Bxe3 13. Nxe3 Ng6 14. Nc4 Nf4 15. Na5 b6 16. Qc4 bxa5 17. Qxa6+ Kb8 18. b4 Qc8 19. Qxa5 Qb7 20. b5 Qb6 21. Qd2 Rd4 22. a4 Kc8 23. a5 Qxb5 24. a6 Rb4 25. c4 Qb6 26. a7 Kb7 27. c5 Qb5 28. Qa2 Ra8 29. Rfb1 Nxd3 30. Qc2 Rxa7 31. Rxa7+ Kxa7 32. Ra1+ Kb7 33. Qa2 Ra4 34. Qxa4 Qxa4 35. Rxa4 Nxc5 36. Rc4 Kb6 37. f3 Kb5 38. Rc2 Nb3 39. Kf2 c5 40. g3 c4 41. Ke3 Kb4 42. f4 c3 43. fxe5 fxe5 44. Ra2 c5 45. Ra7 c2 46. Rb7+ Kc3 0-1

[Event "Oberfranken-ch M 0910"]
[Site "Schney"]
[Date "2010.01.03"]
[Round "2"]
[White "Dietze, Sebastian"]
[Black "Rein, Iwan"]
[Result "1-0"]
[WhiteElo "2187"]
[BlackElo "2000"]
[PlyCount "81"]
[EventDate "2010.01.03"]
[EventType "swiss"]
[EventRounds "7"]
[EventCountry "GER"]
[SourceTitle "EXT 2015"]
[Source "ChessBase"]
[SourceDate "2014.11.20"]
[SourceVersion "1"]
[SourceVersionDate "2014.11.20"]
[SourceQuality "1"]

1. d4 e6 2. c3 Nf6 3. Bg5 Be7 4. Nd2 d5 5. e3 c6 6. Bd3 Nbd7 7. f4 b6 8. Ngf3 h6 9. Bh4 g5 10. Bf2 Ng4 11. 0-0 Nxf2 12. Rxf2 f5 13. b4 g4 14. Ne5 Nxe5 15. dxe5 Bd7 16. a3 h5 17. c4 Kf7 18. Qb3 a5 19. Rd1 axb4 20. axb4 Qc7 21. Nb1 Ra1 22. Rc2 Qa7 23. b5 Bc5 24. Kf2 Kg6 25. Rdd2 Ra8 26. bxc6 Bxc6 27. cxd5 Ba4 28. Qb2 Bxc2 29. Bxc2 Ra2 30. Qc3 Rc8 31. Qb3 Ra5 32. dxe6 Kh6 33. Rd7 Qa8 34. Bxf5 Ra2+ 35. Nd2 Rxd2+ 36. Rxd2 Rc7 37. Rd7 Ra7 38. e7 Ra2+ 39. Bc2 Qc6 40. Rd6+ Bxd6 41. Qe6+ 1-0

[Event "Seebach op 19th"]
[Site "Grossenseebach"]
[Date "2008.05.23"]
[Round "4"]
[White "Dietze, Sebastian"]
[Black "Walter, Florian"]
[Result "1-0"]
[WhiteElo "2183"]
[BlackElo "1855"]
[PlyCount "93"]
[EventDate "2008.05.25"]
[EventType "swiss"]
[EventRounds "7"]
[EventCountry "GER"]
[SourceTitle "EXT 2018"]
[Source "ChessBase"]
[SourceDate "2017.10.13"]
[SourceVersion "1"]
[SourceVersionDate "2017.10.13"]
[SourceQuality "1"]

1. d4 Nf6 2. c3 g6 3. Bg5 Bg7 4. Nd2 0-0 5. Ngf3 c5 6. Bxf6 Bxf6 7. Ne4 Qb6 8. Qb3 Qc6 9. Nxc5 d6 10. Nd3 Be6 11. Qd1 Na6 12. g3 Bd5 13. Bg2 Rfe8 14. 0-0 e5 15. dxe5 dxe5 16. Nfe1 Rad8 17. Bxd5 Rxd5 18. e4 Rd6 19. Qe2 Red8 20. f4 Qc4 21. fxe5 Rxd3 22. exf6 Rxg3+ 23. Kf2 Qxe2+ 24. Kxe2 Rg4 25. Kf3 Rh4 26. Ng2 Rxh2 27. Rad1 Re8 28. Rd7 Nc5 29. Re7 Kf8 30. b4 Nxe4 31. Rxe8+ Kxe8 32. Re1 Kd7 33. Rxe4 Rh3+ 34. Kf2 Rxc3 35. Re7+ Kd6 36. Rxf7 Ke6 37. Rxb7 Rc2+ 38. Kf3 Rc3+ 39. Ne3 Kxf6 40. Rxa7 h5 41. b5 h4 42. b6 h3 43. Rh7 Rc8 44. b7 Rf8 45. Ke4 Rb8 46. Kd5 g5 47. Kc6 1-0

[Event "Seebach op 19th"]
[Site "Grossenseebach"]
[Date "2008.05.22"]
[Round "2"]
[White "Dietze, Sebastian"]
[Black "Rosin, Ralf"]
[Result "1/2-1/2"]
[WhiteElo "2183"]
[BlackElo "1938"]
[PlyCount "44"]
[EventDate "2008.05.25"]
[EventType "swiss"]
[EventRounds "7"]
[EventCountry "GER"]
[SourceTitle "EXT 2018"]
[Source "ChessBase"]
[SourceDate "2017.10.13"]
[SourceVersion "1"]
[SourceVersionDate "2017.10.13"]
[SourceQuality "1"]

1. e4 e5 2. Nf3 Nc6 3. Bc4 Nf6 4. Nc3 Nxe4 5. Nxe4 d5 6. Bd3 dxe4 7. Bxe4 Bd6 8. d4 Nxd4 9. Nxd4 exd4 10. Qxd4 0-0 11. Bd2 Be7 12. Qxd8 Rxd8 13. 0-0-0 c6 14. Rde1 Be6 15. a3 Bc5 16. Be3 Bb6 17. f4 Re8 18. Bxb6 axb6 19. h4 h6 20. Rhg1 Ra4 21. g3 Rd4 22. c3 Rdd8 1/2-1/2

[Event "Seebach op 19th"]
[Site "Grossenseebach"]
[Date "2008.05.22"]
[Round "1"]
[White "Suess, Stefan"]
[Black "Dietze, Sebastian"]
[Result "0-1"]
[WhiteElo "1893"]
[BlackElo "2183"]
[PlyCount "46"]
[EventDate "2008.05.25"]
[EventType "swiss"]
[EventRounds "7"]
[EventCountry "GER"]
[SourceTitle "EXT 2018"]
[Source "ChessBase"]
[SourceDate "2017.10.13"]
[SourceVersion "1"]
[SourceVersionDate "2017.10.13"]
[SourceQuality "1"]

1. Nf3 Nf6 2. d4 d5 3. c4 e6 4. Nc3 Be7 5. Bg5 0-0 6. e3 c6 7. Bd3 Nbd7 8. 0-0 dxc4 9. Bxc4 Nd5 10. Bxe7 Qxe7 11. e4 Nf4 12. Re1 e5 13. d5 Qf6 14. Ne2 Nh3+ 15. Kf1 Nb6 16. Bb3 Bg4 17. Neg1 Nf4 18. dxc6 Rad8 19. Qc2 bxc6 20. Red1 Bc8 21. Nd2 Ba6+ 22. Nc4 Qe6 23. g3 Nxc4 0-1

[Event "Oberfranken-ch M 0708"]
[Site "Schney"]
[Date "2008.01.05"]
[Round "7"]
[White "Dietze, Sebastian"]
[Black "Hennigs, Stefan"]
[Result "1/2-1/2"]
[WhiteElo "2178"]
[BlackElo "1910"]
[PlyCount "36"]
[EventDate "2008.01.02"]
[EventType "swiss"]
[EventRounds "7"]
[EventCountry "GER"]
[SourceTitle "CBM 122 Extra"]
[Source "ChessBase"]
[SourceDate "2008.03.04"]
[SourceVersion "1"]
[SourceVersionDate "2008.03.04"]
[SourceQuality "1"]

1. d4 d5 2. c3 Nf6 3. e3 c5 4. Bd3 Nc6 5. f4 Bg4 6. Nf3 e6 7. 0-0 Bd6 8. Qe1 0-0 9. Ne5 Bf5 10. Qe2 Bxd3 11. Qxd3 Ne4 12. Nd2 f5 13. Ndf3 Nxe5 14. fxe5 Be7 15. b3 Qd7 16. Rd1 Rfd8 17. a4 a5 18. Bd2 Qc6 1/2-1/2

[Event "Oberfranken-ch M 0708"]
[Site "Schney"]
[Date "2008.01.02"]
[Round "2"]
[White "Urytskyy, Michael"]
[Black "Dietze, Sebastian"]
[Result "1/2-1/2"]
[WhiteElo "2099"]
[BlackElo "2178"]
[PlyCount "57"]
[EventDate "2008.01.02"]
[EventType "swiss"]
[EventRounds "7"]
[EventCountry "GER"]
[SourceTitle "CBM 122 Extra"]
[Source "ChessBase"]
[SourceDate "2008.03.04"]
[SourceVersion "1"]
[SourceVersionDate "2008.03.04"]
[SourceQuality "1"]

1. e4 e5 2. d4 exd4 3. c3 d5 4. exd5 Qxd5 5. cxd4 Bb4+ 6. Nc3 Nc6 7. Nf3 Nf6 8. a3 Bxc3+ 9. bxc3 Ne4 10. Qc2 0-0 11. Bd3 Re8 12. 0-0 f5 13. c4 Qd6 14. Bb2 Bd7 15. d5 Nd8 16. Rfe1 Qf4 17. Re2 c6 18. Rae1 cxd5 19. cxd5 Rc8 20. Qb1 Nf7 21. Ba1 Nfd6 22. Qb2 Nf6 23. Ne5 Re7 24. g3 Qa4 25. Ng4 Rf7 26. Nxf6+ gxf6 27. Re6 Qa5 28. Qd4 Bxe6 29. Rxe6 1/2-1/2

[Event "Regionalliga NW 0506"]
[Site "Bayern"]
[Date "2006.01.29"]
[Round "6.1"]
[White "Hegmann, Hartmut"]
[Black "Dietze, Sebastian"]
[Result "1/2-1/2"]
[WhiteElo "2011"]
[BlackElo "2131"]
[PlyCount "58"]
[EventDate "2005.10.23"]
[EventType "team-tourn"]
[EventRounds "9"]
[EventCountry "GER"]
[SourceTitle "EXT 2007"]
[Source "ChessBase"]
[SourceDate "2006.11.23"]
[SourceVersion "1"]
[SourceVersionDate "2006.11.23"]
[SourceQuality "1"]

1. e4 e5 2. Nf3 Nc6 3. d4 exd4 4. c3 d5 5. exd5 Qxd5 6. cxd4 Bb4+ 7. Nc3 Nf6 8. Be2 Ne4 9. Bd2 Bxc3 10. bxc3 0-0 11. 0-0 Re8 12. h3 Bf5 13. Re1 Rad8 14. Qb3 Qxb3 15. axb3 a6 16. Kf1 Re7 17. Rec1 h6 18. Ra2 Rde8 19. Bf4 g5 20. Bh2 Na7 21. d5 Nb5 22. Bxb5 axb5 23. g4 Bg6 24. Nd4 Nc5 25. f3 Rd8 26. c4 b4 27. Kg2 Kg7 28. Rca1 Nd3 29. Ra7 Nc5 1/2-1/2

[Event "Oberfranken-ch M 0506"]
[Site "Schney"]
[Date "2006.01.03"]
[Round "4"]
[White "Dietze, Sebastian"]
[Black "Uestuen, Engin"]
[Result "1-0"]
[WhiteElo "2188"]
[BlackElo "1846"]
[PlyCount "69"]
[EventDate "2006.01.02"]
[EventType "swiss"]
[EventRounds "9"]
[EventCountry "GER"]
[SourceTitle "EXT 2015"]
[Source "ChessBase"]
[SourceDate "2014.11.20"]
[SourceVersion "1"]
[SourceVersionDate "2014.11.20"]
[SourceQuality "1"]

1. d4 Nf6 2. c3 g6 3. Bg5 Bg7 4. Nd2 0-0 5. e3 d6 6. f4 Nbd7 7. Ngf3 c6 8. Bc4 Qc7 9. 0-0 e5 10. fxe5 dxe5 11. Bxf6 Bxf6 12. Ne4 Bg7 13. Nfg5 Nb6 14. Rxf7 Rxf7 15. Bxf7+ Kh8 16. Bb3 Nd5 17. Qf3 Bf5 18. Ng3 Qe7 19. Nxf5 Qxg5 20. Nd6 Qe7 21. Nf7+ Kg8 22. Nxe5 Bxe5 23. dxe5 Kg7 24. Bxd5 cxd5 25. Qxd5 Re8 26. Rf1 Qxe5 27. Rf7+ Kh6 28. Qxe5 Rxe5 29. Kf2 Rb5 30. b4 a5 31. a4 Rd5 32. Rxb7 Rd2+ 33. Kf3 Rc2 34. Ra7 Rxc3 35. Rxa5 1-0

[Event "Oberfranken-ch M 0506"]
[Site "Schney"]
[Date "2006.01.03"]
[Round "3"]
[White "Popov, Roman"]
[Black "Dietze, Sebastian"]
[Result "0-1"]
[WhiteElo "2106"]
[BlackElo "2188"]
[PlyCount "22"]
[EventDate "2006.01.02"]
[EventType "swiss"]
[EventRounds "9"]
[EventCountry "GER"]
[SourceTitle "EXT 2015"]
[Source "ChessBase"]
[SourceDate "2014.11.20"]
[SourceVersion "1"]
[SourceVersionDate "2014.11.20"]
[SourceQuality "1"]

1. e4 e5 2. d4 exd4 3. Qxd4 Nc6 4. Qe3 d6 5. Nc3 Nf6 6. Bd2 Be7 7. 0-0-0 0-0 8. Bc4 Ng4 9. Qg3 Bh4 10. Qf4 Nce5 11. Nf3 Ng6 0-1

[Event "Regionalliga NW 0506"]
[Site "Bayern"]
[Date "2005.11.13"]
[Round "2.1"]
[White "Dietze, Sebastian"]
[Black "Braeutigam, Thomas"]
[Result "1/2-1/2"]
[WhiteElo "2146"]
[BlackElo "2086"]
[PlyCount "64"]
[EventDate "2005.10.23"]
[EventType "team-tourn"]
[EventRounds "9"]
[EventCountry "GER"]
[SourceTitle "EXT 2007"]
[Source "ChessBase"]
[SourceDate "2006.11.23"]
[SourceVersion "1"]
[SourceVersionDate "2006.11.23"]
[SourceQuality "1"]

1. d4 d5 2. c3 Nf6 3. e3 Bf5 4. Nf3 Nbd7 5. Qb3 Qc8 6. c4 e6 7. Bd2 Be7 8. cxd5 exd5 9. Bb4 c5 10. dxc5 0-0 11. Nd4 Nxc5 12. Bxc5 Bxc5 13. Nxf5 Qxf5 14. Bd3 Qe5 15. Nd2 d4 16. e4 Qg5 17. g3 Ng4 18. f4 Qh6 19. Nf3 Ne3 20. h3 Bb6 21. Kf2 Rac8 22. Ng5 Qc6 23. Rac1 Qxc1 24. Rxc1 Rxc1 25. e5 h6 26. Ne4 Re8 27. g4 Rh1 28. Nd6 Re7 29. Nxf7 Rxf7 30. Bg6 Rf1+ 31. Ke2 R1xf4 32. Qe6 Rf2+ 1/2-1/2

[Event "Seebach op 16th"]
[Site "Grossenseebach"]
[Date "2005.05.29"]
[Round "7"]
[White "Dietze, Sebastian"]
[Black "Schoenwaelder, Bernd"]
[Result "1-0"]
[WhiteElo "2180"]
[BlackElo "2122"]
[PlyCount "115"]
[EventDate "2005.05.26"]
[EventType "swiss"]
[EventRounds "7"]
[EventCountry "GER"]
[SourceTitle "EXT 2018"]
[Source "ChessBase"]
[SourceDate "2017.10.13"]
[SourceVersion "1"]
[SourceVersionDate "2017.10.13"]
[SourceQuality "1"]

1. d4 Nf6 2. e3 b6 3. Nd2 Bb7 4. f4 g6 5. Ngf3 Bg7 6. Bd3 c5 7. 0-0 Nc6 8. c3 cxd4 9. exd4 e6 10. Qe1 0-0 11. Ng5 Rc8 12. Qg3 Ne7 13. Qh3 h6 14. Nge4 Nxe4 15. Nxe4 Bxe4 16. Bxe4 b5 17. a3 a5 18. Bd2 Qb6 19. Qd3 d5 20. Bf3 Nf5 21. Be2 Nd6 22. h4 h5 23. g4 hxg4 24. Bxg4 Nc4 25. Rab1 Rce8 26. Kg2 b4 27. axb4 axb4 28. h5 f5 29. Be2 gxh5 30. Be1 Rb8 31. Bh4 Qd6 32. Bg5 Bf6 33. Qg3 Kh7 34. Rh1 Rg8 35. Rxh5+ Kg7 36. Rh7+ Kxh7 37. Qh2+ Kg7 38. Qh6+ Kf7 39. Bh5+ Ke7 40. Qh7+ Kd8 41. Qxg8+ Kd7 42. Qf7+ Be7 43. Ra1 Na3 44. bxa3 bxc3 45. Qxe7+ Qxe7 46. Bxe7 Rb2+ 47. Be2 Rxe2+ 48. Kf3 Rd2 49. Bc5 Kc6 50. Rc1 Rd3+ 51. Ke2 Rh3 52. Rb1 c2 53. Rb6+ Kc7 54. Kd2 Rc3 55. Kc1 e5 56. fxe5 f4 57. Rf6 f3 58. e6 1-0

[Event "Seebach op 15th"]
[Site "Grossenseebach"]
[Date "2004.06.17"]
[Round "2"]
[White "Jereb, Manfred"]
[Black "Dietze, Sebastian"]
[Result "0-1"]
[WhiteElo "1615"]
[BlackElo "2168"]
[PlyCount "78"]
[EventDate "2004.06.17"]
[EventType "swiss"]
[EventRounds "7"]
[EventCountry "GER"]
[SourceTitle "EXT 2018"]
[Source "ChessBase"]
[SourceDate "2017.10.13"]
[SourceVersion "1"]
[SourceVersionDate "2017.10.13"]
[SourceQuality "1"]

1. d4 d5 2. c4 e6 3. Nc3 f5 4. cxd5 exd5 5. Nf3 c6 6. e3 Nf6 7. Bd3 Bd6 8. 0-0 0-0 9. a3 Ne4 10. Ne5 Nd7 11. f4 Ndf6 12. Be2 Be6 13. Qe1 Bf7 14. Nxf7 Rxf7 15. b4 Nxc3 16. Qxc3 Ne4 17. Qe1 g5 18. g4 Qf6 19. Ra2 Raf8 20. Bd1 Rg7 21. Rg2 Kh8 22. Bf3 Rfg8 23. Bxe4 fxe4 24. f5 h5 25. h3 Rh7 26. Kf2 Kg7 27. Ke2 hxg4 28. hxg4 Rgh8 29. Kd1 Rh3 30. Qe2 Rh1 31. Bd2 R8h3 32. Rxh1 Rxh1+ 33. Be1 a6 34. Kd2 Qh6 35. Bg3 Ra1 36. Kc3 Bxg3 37. Rxg3 Qh1 38. Kb3 b5 39. Rg2 Qc1 0-1